| 000 | 00454nam a22001697a 4500 | ||
|---|---|---|---|
| 005 | 20260509103634.0 | ||
| 008 | 160513b xxu||||| |||| 00| 0 eng d | ||
| 020 | _a978-81-317-1414-0 | ||
| 041 | _aeng | ||
| 082 | _a659.1 | ||
| 100 |
_aWilliam Wells Sandra Mariarty John Burnett _9588 |
||
| 245 | _aAdvertishing Principles and Practice | ||
| 260 |
_aNoida _bDorlung Kindesley India P. Ltd. _c2006 |
||
| 300 | _a570 | ||
| 650 | _aManagement | ||
| 942 | _cBK | ||
| 999 |
_c760 _d760 |
||